Sociálna atmosféra v pracovnej skupine a osobnosť vedúceho pracovníka

Na začiatku 3. tisícročia sa organizácie ocitli v nových podmienkach: prešlo sa od reaktívneho správania sa k strategickému prístupu, od kvantitatívnych ku kvalitatívnym ukazovateľom, od veľkého množstva činnosti k merateľnej produktivite. Progresívne nové podmienky začali vyvolávať aj potrebu zmeny...

Descrizione completa

Salvato in:
Dettagli Bibliografici
Autore principale: Gerbová, Miriama
Natura: Capitolo di libro
Lingua:slovacco
Soggetti:
Tags: Aggiungi Tag
Nessun Tag, puoi essere il primo ad aggiungerne!!

MARC

LEADER 00000naa a2200000 4500
001 0146079
005 20231113132647.6
041 0 |a slo 
044 |a CZ 
245 1 0 |a Sociálna atmosféra v pracovnej skupine a osobnosť vedúceho pracovníka  |c Miriama Gerbová 
520 |a Na začiatku 3. tisícročia sa organizácie ocitli v nových podmienkach: prešlo sa od reaktívneho správania sa k strategickému prístupu, od kvantitatívnych ku kvalitatívnym ukazovateľom, od veľkého množstva činnosti k merateľnej produktivite. Progresívne nové podmienky začali vyvolávať aj potrebu zmeny vedúceho pracovníka. Charakteristika sociálnej atmosféry. 
610 2 0 |a pracovníci vedúci 
610 2 0 |a manažéri 
610 2 0 |a skupiny pracovné 
610 2 0 |a prostredie podnikové 
100 1 |a Gerbová, Miriama